00754nam a2200205 i 450000100060000000300090000600500170001500700030003200800410003510000440007624501220012025000140024226000350025630000220029170000360031370000280034985200320037799900170040995201220042692322ES-MaACL20230906180938.0t|050224s1973 sp ||||1| spa d0 aLiddell Hart, Basil Henry cSir.97221410aMemorias de un cronista militar / cBasil Henry Liddell Hart; [versión de Manuel Castillo Molina y Ramón Alonso]. a[1ª ed]. aBarcelona : bCaralt, c[1973] a564 p. ; c22 cm.1 aCastillo Molina, Manuel.9367531 aAlonso, Ramón.920239 aES-MaACLjC-51900 bR.85531 c92322d92322 00104070aATENEOMbATENEOMcDEPO2d2008-01-17eSCl0oC-51900p1096386r2023-02-23 00:00:00w2023-02-23yMONOGRAFIA